000
00255nam a2200097Ia 4500
001
688814
005
20250826161622.0
008
250824s9999 xx 000 0 und d
245
0
_a
SESSİZ ÇAYIRIN UYUYANLARI
_c
MEHMET BALTAOĞLU
260
_b
TİMAŞ YAYINLARI
999
_c
688814
_d
688814